000 00657nam a2200217Ia 4500
005 20241129110002.0
008 241129s9999||||xx |||||||||||||| ||und||
020 _a978-1-3986-0572-5
037 _aTB
040 _aARTS
_beng
_cARTS
041 _aeng
_2eng
084 _aX:9:(D65,8(B)) R2
_qARTS
100 _aCookson Gary Au.
_9726752
245 0 _aHR for hybrid working: how to adapt people practices to support employees and the organization
_cCookson Gary Au.
260 _aUK
_bKogan Page
_c2022
300 _axx,287p.
365 _aUKP
_b29.99
650 _aEconomics
942 _cTB
_hX:9:(D65,8(B)) R2
999 _c1226881
_d1226881